[Event "DSJ Weihnachtsturnier U20 2020"]
[Site "https://play.chessbase.com/en/play?room=DSJWeihnachtU20"]
[Date "2020.12.29"]
[Round "2"]
[White "Steinhauer, Artur"]
[Black "Gold, Florian"]
[Result "1-0"]
[Termination "normal"]
[Board "11.3"]
[WhiteElo "1462"]
[BlackElo "1769"]
[WhiteTeam "SC Bavaria Regensburg von 1881"]
[BlackTeam "SK Kelheim 1920"]
[PlyCount "103"]
[WhiteFideId "16263596"]
[BlackFideId "16220536"]
[EventRounds "7"]
[EventType "team-swiss"]
[EventDate "2020.12.29"]

1. e4 {[%emt 0:00:09]} e5 {[%emt 0:00:01]} 2. Nf3 {[%emt 0:00:08]} Nc6 { [%emt
0:00:01]} 3. Nc3 {[%emt 0:01:16]} Nf6 {[%emt 0:00:02]} 4. Nxe5 {[%emt 0:00:01]}
Nxe5 {[%emt 0:00:15]} 5. d4 {[%emt 0:00:01]} Nc6 {[%emt 0:00:17]} 6. e5 {[%emt
0:00:06]} Ng8 {[%emt 0:00:11]} 7. Bc4 {[%emt 0:00:02]} d5 {[%emt 0:01:05]} 8.
Bxd5 {[%emt 0:00:29]} Bb4 {[%emt 0:00:04]} 9. Qf3 {[%emt 0:00:04]} Qd7 {[%emt
0:00:31]} 10. O-O {[%emt 0:00:06]} Nxd4 {[%emt 0:00:15]} 11. Qe4 { [%emt
0:00:01]} Bxc3 {[%emt 0:00:05]} 12. Bxb7 {[%emt 0:00:04]} Bxb7 {[%emt 0:00:45]}
13. Qxb7 {[%emt 0:00:00]} Rd8 {[%emt 0:00:15]} 14. bxc3 {[%emt 0:00:04] } Ne2+
{[%emt 0:00:03]} 15. Kh1 {[%emt 0:00:03]} Ne7 {[%emt 0:00:33]} 16. Bg5 { [%emt
0:00:05]} Nxc3 {[%emt 0:00:25]} 17. Bxe7 {[%emt 0:00:07]} Qxe7 {[%emt 0:00:27]}
18. Qc6+ {[%emt 0:00:02]} Rd7 {[%emt 0:00:03]} 19. Qxc3 {[%emt 0:00:02] } O-O
{[%emt 0:00:01]} 20. Rad1 {[%emt 0:00:20]} Rfd8 {[%emt 0:00:11]} 21. Rxd7
{[%emt 0:00:02]} Rxd7 {[%emt 0:00:01]} 22. h3 {[%emt 0:00:03]} h6 {[%emt
0:00:01]} 23. Kh2 {[%emt 0:00:15]} Rd5 {[%emt 0:00:04]} 24. f4 {[%emt 0:00:06]}
Rc5 {[%emt 0:00:02]} 25. Qd3 {[%emt 0:00:19]} Qe6 {[%emt 0:00:30]} 26. a3
{[%emt 0:00:05]} Qc6 {[%emt 0:00:04]} 27. Qd8+ {[%emt 0:00:08]} Kh7 {[%emt
0:00:02]} 28. Qd3+ {[%emt 0:00:01]} Kg8 {[%emt 0:00:03]} 29. Rf3 {[%emt
0:00:10]} Rxc2 { [%emt 0:00:04]} 30. Rg3 {[%emt 0:00:01]} Rc1 {[%emt 0:00:55]}
31. Qd8+ { [%emt 0:00:02]} Kh7 {[%emt 0:00:02]} 32. Qf8 {[%emt 0:00:03]} g5
{[%emt 0:00:51]} 33. Qxf7+ {[%emt 0:00:02]} Kh8 {[%emt 0:00:01]} 34. Qf8+
{[%emt 0:00:03]} Kh7 {[%emt 0:00:01] Regensb1-003 reconnected.} 35. Qf7+ {[%emt
0:00:18]} Kh8 { [%emt 0:00:02]} 36. fxg5 {[%emt 0:00:03]} hxg5 {[%emt 0:00:05]}
37. Rxg5 { [%emt 0:00:07]} Rh1+ {[%emt 0:00:01]} 38. Kxh1 {[%emt 0:00:02]} Qc1+
{[%emt 0:00:01]} 39. Kh2 {[%emt 0:00:09]} Qxg5 {[%emt 0:00:01]} 40. Qf6+ {[%emt
0:00:37] } Qxf6 {[%emt 0:00:02]} 41. exf6 {[%emt 0:00:01]} c5 {[%emt 0:00:00]}
42. Kg1 { [%emt 0:00:26]} Kg8 {[%emt 0:00:01]} 43. Kf2 {[%emt 0:00:01]} Kf7
{[%emt 0:00:01]} 44. Ke2 {[%emt 0:00:14]} Kxf6 {[%emt 0:00:00]} 45. Kd3 {[%emt
0:00:04]} Ke5 {[%emt 0:00:02]} 46. Kc4 {[%emt 0:00:02]} Kd6 {[%emt 0:00:01]}
47. g4 { [%emt 0:00:03]} a5 {[%emt 0:00:07]} 48. h4 {[%emt 0:00:22]} a4 {[%emt
0:00:01]} 49. h5 {[%emt 0:00:10]} Ke6 {[%emt 0:00:02]} 50. h6 {[%emt 0:00:03]}
Kf6 { [%emt 0:00:03]} 51. g5+ {[%emt 0:00:03]} Kg6 {[%emt 0:00:01]} 52. Kxc5 {
[%emt 0:00:03]} 1-0

[Event "DSJ Weihnachtsturnier U20 2020"]
[Site "https://play.chessbase.com/en/play?room=DSJWeihnachtU20"]
[Date "2020.12.29"]
[Round "2"]
[White "Piehler, Sebastian"]
[Black "Aumüller, Naum"]
[Result "0-1"]
[Termination "normal"]
[Board "11.4"]
[WhiteElo "1603"]
[BlackElo "1622"]
[WhiteTeam "SK Kelheim 1920"]
[BlackTeam "SC Bavaria Regensburg von 1881"]
[PlyCount "112"]
[WhiteFideId "16222032"]
[BlackFideId "16263960"]
[EventRounds "7"]
[EventType "team-swiss"]
[EventDate "2020.12.29"]

1. d4 {[%emt 0:00:13]} d5 {[%emt 0:00:46]} 2. c4 {[%emt 0:00:07]} c6 {[%emt
0:00:42]} 3. Nc3 {[%emt 0:00:07]} Nf6 {[%emt 0:00:02]} 4. Nf3 {[%emt 0:00:04]}
e6 {[%emt 0:00:02]} 5. Bg5 {[%emt 0:00:02]} Bd6 {[%emt 0:00:03]} 6. e3 {[%emt
0:00:03]} Nbd7 {[%emt 0:00:01]} 7. c5 {[%emt 0:00:13]} Bc7 {[%emt 0:00:03]} 8.
Be2 {[%emt 0:00:05]} e5 {[%emt 0:00:04]} 9. Qc2 {[%emt 0:00:34]} e4 {[%emt
0:00:07]} 10. Nd2 {[%emt 0:00:07]} O-O {[%emt 0:00:06]} 11. b4 {[%emt 0:00:53]}
h6 {[%emt 0:00:07]} 12. Bh4 {[%emt 0:00:03]} Re8 {[%emt 0:00:07]} 13. a4 {
[%emt 0:00:14]} Nf8 {[%emt 0:00:04]} 14. b5 {[%emt 0:00:26]} Ng6 {[%emt
0:00:18]} 15. Bg3 {[%emt 0:00:02]} Bg4 {[%emt 0:00:14]} 16. Nb3 {[%emt
0:00:27]} Bxe2 {[%emt 0:00:23]} 17. Qxe2 {[%emt 0:00:06]} Nh7 {[%emt 0:00:22]
Restarted W (13.22e) Restarted B (13.22e) OK OK Regensb1-004 reconnected.
Restarted B (13.22e) Restarted W (13.22e) OK Kelheim1-004 reconnected.} 18. a5
{[%emt 0:02:51]} f5 {[%emt 0:00:28]} 19. Bxc7 {[%emt 0:00:22]} Qxc7 {[%emt
0:00:05]} 20. b6 {[%emt 0:00:10]} axb6 {[%emt 0:00:04]} 21. axb6 {[%emt
0:00:03]} Qf7 {[%emt 0:00:15]} 22. Kd2 {[%emt 0:00:53]} f4 {[%emt 0:00:05]} 23.
Rxa8 {[%emt 0:01:03]} Rxa8 {[%emt 0:00:02]} 24. Ra1 {[%emt 0:00:02]} Rxa1
{[%emt 0:00:02]} 25. Nxa1 { [%emt 0:00:02]} Qe8 {[%emt 0:00:06]} 26. Qd1 {[%emt
0:00:16]} Qa8 {[%emt 0:00:05]} 27. Qa4 {[%emt 0:00:04]} Qxa4 {[%emt 0:00:03]}
28. Nxa4 {[%emt 0:00:01]} Nhf8 {[%emt 0:00:19]} 29. Nc2 {[%emt 0:00:04]} Ne6
{[%emt 0:00:02]} 30. Nc3 { [%emt 0:00:11]} Nd8 {[%emt 0:00:29]} 31. Nb4 {[%emt
0:00:17] Kelheim1-004 reconnected.} Kf7 {[%emt 0:00:49]} 32. f3 {[%emt
0:00:02]} exf3 {[%emt 0:00:31] } 33. gxf3 {[%emt 0:00:02]} fxe3+ {[%emt
0:00:22]} 34. Kxe3 {[%emt 0:00:00]} Ke6 {[%emt 0:00:02] Regensb1-004 offers a
draw} 35. Ne2 {[%emt 0:00:08]} Ne7 { [%emt 0:00:41]} 36. Ng3 {[%emt 0:00:29]}
g6 {[%emt 0:00:07]} 37. h4 {[%emt 0:00:07]} Nf5+ {[%emt 0:01:22]} 38. Nxf5
{[%emt 0:00:02]} Kxf5 {[%emt 0:00:01]} 39. Kf2 {[%emt 0:00:01]} Kf4 {[%emt
0:00:21]} 40. Nd3+ {[%emt 0:00:03]} Kf5 { [%emt 0:00:02]} 41. Ne5 {[%emt
0:00:02]} g5 {[%emt 0:00:12]} 42. hxg5 {[%emt 0:00:02]} Kxg5 {[%emt 0:00:06]}
43. Kg3 {[%emt 0:00:01]} h5 {[%emt 0:00:03]} 44. f4+ {[%emt 0:00:17]} Kf5
{[%emt 0:00:10]} 45. Kf3 {[%emt 0:00:01]} h4 {[%emt 0:00:07]} 46. Nd3 {[%emt
0:00:02]} Ne6 {[%emt 0:00:18]} 47. Ke3 {[%emt 0:00:02]} h3 {[%emt 0:00:09]} 48.
Ne5 {[%emt 0:00:05]} h2 {[%emt 0:00:13]} 49. Nxc6 { [%emt 0:00:03]} h1=Q {[%emt
0:00:02]} 50. Ne7+ {[%emt 0:00:02]} Kg4 {[%emt 0:00:04]} 51. c6 {[%emt
0:00:01]} Qe4+ {[%emt 0:00:02]} 52. Kd2 {[%emt 0:00:01]} Qxd4+ {[%emt 0:00:02]}
53. Ke2 {[%emt 0:00:01]} Nxf4+ {[%emt 0:00:07]} 54. Kf1 {[%emt 0:00:02]} Qd3+
{[%emt 0:00:04]} 55. Kf2 {[%emt 0:00:02]} Qe2+ {[%emt 0:00:02]} 56. Kg1 {[%emt
0:00:01]} Qg2# {[%emt 0:00:02]} 0-1

[Event "DSJ Weihnachtsturnier U20 2020"]
[Site "https://play.chessbase.com/en/play?room=DSJWeihnachtU20"]
[Date "2020.12.29"]
[Round "2"]
[White "Rietschel, Tilo"]
[Black "Lohmann, Laurin"]
[Result "1/2-1/2"]
[Termination "normal"]
[Board "12.1"]
[WhiteElo "2066"]
[BlackElo "1736"]
[WhiteTeam "Lübecker SV von 1873"]
[BlackTeam "VfL Leipheim 1898"]
[PlyCount "73"]
[WhiteFideId "16208390"]
[BlackFideId "16281594"]
[EventRounds "7"]
[EventType "team-swiss"]
[EventDate "2020.12.29"]

1. e4 {[%emt 0:00:03]} e5 {[%emt 0:00:05]} 2. Nf3 {[%emt 0:00:02]} Nf6 { [%emt
0:00:19]} 3. Nxe5 {[%emt 0:00:06]} d6 {[%emt 0:00:04]} 4. Nd3 {[%emt 0:00:03]}
Nxe4 {[%emt 0:00:04]} 5. Nc3 {[%emt 0:00:01]} Nxc3 {[%emt 0:00:09]} 6. dxc3
{[%emt 0:00:00]} Be7 {[%emt 0:00:04]} 7. Be2 {[%emt 0:00:03]} O-O { [%emt
0:00:27]} 8. Be3 {[%emt 0:00:47]} Nc6 {[%emt 0:00:07]} 9. O-O {[%emt 0:00:16]}
Be6 {[%emt 0:00:07]} 10. Nf4 {[%emt 0:00:14]} Qd7 {[%emt 0:00:08]} 11. c4
{[%emt 0:00:49]} Ne5 {[%emt 0:00:14]} 12. Nd5 {[%emt 0:00:05]} c6 {[%emt
0:00:07]} 13. Nxe7+ {[%emt 0:00:07]} Qxe7 {[%emt 0:00:00]} 14. b3 {[%emt
0:00:01] } c5 {[%emt 0:00:42]} 15. Bd2 {[%emt 0:00:29]} Rad8 {[%emt 0:00:21]}
16. f4 { [%emt 0:00:10]} Nc6 {[%emt 0:00:06]} 17. f5 {[%emt 0:00:01]} Bd7
{[%emt 0:00:02]} 18. f6 {[%emt 0:00:04]} gxf6 {[%emt 0:00:19]} 19. Bd3 {[%emt
0:00:31]} Ne5 {[%emt 0:00:06]} 20. Qh5 {[%emt 0:02:55]} Nxd3 {[%emt 0:00:43]}
21. cxd3 { [%emt 0:00:00]} Qe5 {[%emt 0:00:01]} 22. Qh4 {[%emt 0:00:18]} Rfe8
{[%emt 0:00:32]} 23. Rae1 {[%emt 0:01:17]} Qd4+ {[%emt 0:00:15]} 24. Qxd4
{[%emt 0:00:01]} cxd4 {[%emt 0:00:00]} 25. Rxf6 {[%emt 0:00:03]} Rxe1+ {[%emt
0:00:09]} 26. Bxe1 {[%emt 0:00:00]} Re8 {[%emt 0:00:01]} 27. Bf2 {[%emt
0:00:13]} Re6 {[%emt 0:00:31]} 28. Bxd4 {[%emt 0:00:05]} Rxf6 {[%emt 0:00:08]}
29. Bxf6 {[%emt 0:00:00]} Bf5 {[%emt 0:00:02]} 30. d4 {[%emt 0:00:09]} Bb1
{[%emt 0:00:02]} 31. c5 { [%emt 0:00:13]} dxc5 {[%emt 0:00:02]} 32. d5 {[%emt
0:00:35]} Kf8 {[%emt 0:00:09]} 33. a3 {[%emt 0:00:20]} Ke8 {[%emt 0:00:08]} 34.
b4 {[%emt 0:00:15]} cxb4 {[%emt 0:00:14]} 35. axb4 {[%emt 0:00:00]} Kd7 {[%emt
0:00:00]} 36. Bd4 { [%emt 0:00:06]} a6 {[%emt 0:00:13] Leiphm1-001 offers a
draw} 37. Bc5 {[%emt 0:00:03]} 1/2-1/2

[Event "DSJ Weihnachtsturnier U20 2020"]
[Site "https://play.chessbase.com/en/play?room=DSJWeihnachtU20"]
[Date "2020.12.29"]
[Round "2"]
[White "Lohmann, Dominik"]
[Black "Mundt, Alexandra"]
[Result "1-0"]
[Termination "time forfeit"]
[Board "12.2"]
[WhiteElo "1786"]
[BlackElo "1768"]
[WhiteTeam "VfL Leipheim 1898"]
[BlackTeam "Lübecker SV von 1873"]
[PlyCount "57"]
[WhiteFideId "16281527"]
[BlackFideId "16217276"]
[EventRounds "7"]
[EventType "team-swiss"]
[EventDate "2020.12.29"]

1. e4 {[%emt 0:00:04]} e5 {[%emt 0:00:03]} 2. Nf3 {[%emt 0:00:28]} Nf6 { [%emt
0:00:03]} 3. Nc3 {[%emt 0:00:04]} Bb4 {[%emt 0:00:02]} 4. Nd5 {[%emt 0:00:06]}
Nxd5 {[%emt 0:00:52]} 5. exd5 {[%emt 0:00:05]} d6 {[%emt 0:00:02]} 6. c3 {[%emt
0:00:06]} Ba5 {[%emt 0:00:06]} 7. Bc4 {[%emt 0:00:19]} Bg4 {[%emt 0:00:03]} 8.
d3 {[%emt 0:00:08]} O-O {[%emt 0:00:13]} 9. O-O {[%emt 0:00:04]} f5 {[%emt
0:00:47]} 10. Qa4 {[%emt 0:00:55]} Bxf3 {[%emt 0:00:17]} 11. gxf3 { [%emt
0:00:13]} Bb6 {[%emt 0:00:02]} 12. Bb3 {[%emt 0:00:21]} f4 {[%emt 0:00:58]} 13.
Kh1 {[%emt 0:00:34]} Qh4 {[%emt 0:00:27]} 14. Qe4 {[%emt 0:00:21]} Rf6 {[%emt
0:00:24]} 15. Rg1 {[%emt 0:00:19]} Bxf2 {[%emt 0:00:26]} 16. Rg2 { [%emt
0:00:09]} Bb6 {[%emt 0:01:07]} 17. Bd2 {[%emt 0:00:17]} Nd7 {[%emt 0:00:22]}
18. d4 {[%emt 0:00:38]} exd4 {[%emt 0:01:11]} 19. cxd4 {[%emt 0:00:08]} Rff8
{[%emt 0:01:02]} 20. Rag1 {[%emt 0:01:28]} Rf7 {[%emt 0:01:21]} 21. Rg4 { [%emt
0:01:28]} Qh5 {[%emt 0:00:23]} 22. Qe6 {[%emt 0:01:10]} Nf6 {[%emt 0:00:19]}
23. Rxg7+ {[%emt 0:00:07]} Kf8 {[%emt 0:00:06]} 24. Qxf7+ {[%emt 0:00:27]} Qxf7
{[%emt 0:00:02]} 25. Rxf7+ {[%emt 0:00:00]} Kxf7 {[%emt 0:00:01]} 26. Bxf4
{[%emt 0:00:17]} Bxd4 {[%emt 0:00:01]} 27. Rc1 {[%emt 0:00:10]} Rg8 {[%emt
0:00:10]} 28. Rxc7+ {[%emt 0:00:03]} Kf8 {[%emt 0:00:03]} 29. Bxd6+ {[%emt
0:00:07] TimeB} 1-0

[Event "DSJ Weihnachtsturnier U20 2020"]
[Site "https://play.chessbase.com/en/play?room=DSJWeihnachtU20"]
[Date "2020.12.29"]
[Round "2"]
[White "Kroschel, Anton"]
[Black "Schwegler, Tim"]
[Result "1-0"]
[Termination "normal"]
[Board "12.3"]
[WhiteElo "1754"]
[BlackElo "1623"]
[WhiteTeam "Lübecker SV von 1873"]
[BlackTeam "VfL Leipheim 1898"]
[PlyCount "83"]
[WhiteFideId "12969834"]
[EventRounds "7"]
[EventType "team-swiss"]
[EventDate "2020.12.29"]

1. Nf3 {[%emt 0:00:04]} Nc6 {[%emt 0:00:05]} 2. d4 {[%emt 0:00:09]} d5 { [%emt
0:00:15]} 3. g3 {[%emt 0:00:33]} Nf6 {[%emt 0:00:07]} 4. Bg2 {[%emt 0:00:04]}
Bf5 {[%emt 0:00:12]} 5. c3 {[%emt 0:00:46]} e6 {[%emt 0:00:04]} 6. Nbd2 { [%emt
0:00:01]} Bd6 {[%emt 0:00:02]} 7. Nh4 {[%emt 0:00:04]} Bg6 {[%emt 0:00:05]} 8.
Nxg6 {[%emt 0:00:01]} fxg6 {[%emt 0:00:11]} 9. O-O {[%emt 0:00:04]} O-O {[%emt
0:00:03]} 10. e4 {[%emt 0:00:06]} Be7 {[%emt 0:01:10]} 11. e5 {[%emt 0:02:00]}
Nd7 {[%emt 0:00:09]} 12. Bh3 {[%emt 0:00:03]} Nb6 {[%emt 0:00:10]} 13. Bxe6+
{[%emt 0:00:04]} Kh8 {[%emt 0:00:01]} 14. Bg4 {[%emt 0:00:22]} Bg5 { [%emt
0:00:11]} 15. Nb3 {[%emt 0:00:21]} Bxc1 {[%emt 0:00:14]} 16. Qxc1 { [%emt
0:00:19]} Ne7 {[%emt 0:00:02]} 17. Nc5 {[%emt 0:00:05]} Qe8 {[%emt 0:00:47]}
18. Ne6 {[%emt 0:00:14]} h5 {[%emt 0:00:37]} 19. Be2 {[%emt 0:00:38]} Qd7
{[%emt 0:00:11]} 20. Nxf8 {[%emt 0:00:03]} Rxf8 {[%emt 0:00:03]} 21. Kg2 {
[%emt 0:00:22]} Qf5 {[%emt 0:00:11]} 22. f3 {[%emt 0:00:49]} g5 {[%emt 0:00:25]
} 23. Qd2 {[%emt 0:00:03]} g4 {[%emt 0:00:26]} 24. fxg4 {[%emt 0:00:33]} Qe4+ {
[%emt 0:00:08]} 25. Kg1 {[%emt 0:00:05]} Rxf1+ {[%emt 0:00:10]} 26. Rxf1 {
[%emt 0:00:02]} hxg4 {[%emt 0:00:04]} 27. Rf8+ {[%emt 0:00:02]} Kh7 {[%emt
0:00:10]} 28. Bd3 {[%emt 0:00:01]} Qxd3 {[%emt 0:00:04]} 29. Qxd3+ {[%emt
0:00:00]} Kh6 {[%emt 0:00:02]} 30. Rh8+ {[%emt 0:00:01]} Kg5 {[%emt 0:00:02]}
31. Qe3+ {[%emt 0:00:01]} Kg6 {[%emt 0:00:02]} 32. Qf4 {[%emt 0:00:07]} Nc4 {
[%emt 0:00:10]} 33. Qxg4+ {[%emt 0:00:02]} Kf7 {[%emt 0:00:03]} 34. Qf4+ {
[%emt 0:00:05]} Kg6 {[%emt 0:00:11]} 35. h4 {[%emt 0:00:03]} Nf5 {[%emt
0:00:13]} 36. h5+ {[%emt 0:00:02]} Kf7 {[%emt 0:00:02]} 37. Qxf5+ {[%emt
0:00:01]} Ke7 {[%emt 0:00:01]} 38. e6 {[%emt 0:00:02]} Kd6 {[%emt 0:00:04]} 39.
Rd8+ { [%emt 0:00:02]} Kc6 {[%emt 0:00:02]} 40. Qxd5+ {[%emt 0:00:02]} Kb6
{[%emt 0:00:02]} 41. a4 {[%emt 0:00:03]} Na5 {[%emt 0:00:03]} 42. Qb5# {[%emt
0:00:01]} 1-0

[Event "DSJ Weihnachtsturnier U20 2020"]
[Site "https://play.chessbase.com/en/play?room=DSJWeihnachtU20"]
[Date "2020.12.29"]
[Round "2"]
[White "Biedenbach, Daniel"]
[Black "Stülcken, Philipp"]
[Result "0-1"]
[Termination "normal"]
[Board "12.4"]
[WhiteElo "1610"]
[BlackElo "1459"]
[WhiteTeam "VfL Leipheim 1898"]
[BlackTeam "Lübecker SV von 1873"]
[PlyCount "60"]
[WhiteFideId "16281489"]
[BlackFideId "12986232"]
[EventRounds "7"]
[EventType "team-swiss"]
[EventDate "2020.12.29"]

1. e4 {[%emt 0:00:20]} e5 {[%emt 0:00:02]} 2. Nf3 {[%emt 0:00:02]} Nc6 { [%emt
0:00:02]} 3. Nc3 {[%emt 0:00:03]} Bc5 {[%emt 0:00:03]} 4. Nxe5 {[%emt 0:00:11]}
Nxe5 {[%emt 0:00:19]} 5. d4 {[%emt 0:00:08]} Bd6 {[%emt 0:00:01]} 6. dxe5
{[%emt 0:00:06]} Bxe5 {[%emt 0:00:00]} 7. Bc4 {[%emt 0:00:12]} Nf6 { [%emt
0:00:05]} 8. O-O {[%emt 0:00:04]} c6 {[%emt 0:00:13]} 9. f4 {[%emt 0:00:19]}
Bc7 {[%emt 0:00:02]} 10. e5 {[%emt 0:00:08]} Ng8 {[%emt 0:00:19]} 11. Ne4
{[%emt 0:00:48]} Ne7 {[%emt 0:00:35]} 12. Nd6+ {[%emt 0:00:23]} Bxd6 {[%emt
0:00:10]} 13. exd6 {[%emt 0:00:15]} Ng6 {[%emt 0:00:02]} 14. Qe2+ {[%emt
0:00:14] } Kf8 {[%emt 0:00:03]} 15. f5 {[%emt 0:00:07]} Nh4 {[%emt 0:00:31]}
16. Qh5 { [%emt 0:00:24]} Qf6 {[%emt 0:00:31]} 17. Bg5 {[%emt 0:00:05]} Qd4+
{[%emt 0:00:03]} 18. Rf2 {[%emt 0:00:17]} Qxc4 {[%emt 0:00:06]} 19. Bxh4 {[%emt
0:00:16]} b6 {[%emt 0:00:17]} 20. Re1 {[%emt 0:00:31]} Ba6 {[%emt 0:00:53]} 21.
Be7+ { [%emt 0:00:39]} Kg8 {[%emt 0:00:02]} 22. f6 {[%emt 0:00:05]} Qb5 {[%emt
0:01:43]} 23. Qf3 {[%emt 0:00:33]} g6 {[%emt 0:00:13]} 24. Qh3 {[%emt 0:00:09]}
h5 { [%emt 0:00:08]} 25. Re3 {[%emt 0:01:10]} Qxb2 {[%emt 0:00:15]} 26. g3
{[%emt 0:00:29]} Qc1+ {[%emt 0:00:11]} 27. Kg2 {[%emt 0:00:21]} Qxe3 {[%emt
0:00:03]} 28. Qxd7 {[%emt 0:00:20]} Qe4+ {[%emt 0:00:13]} 29. Kg1 {[%emt
0:00:07]} h4 { [%emt 0:00:49]} 30. Qg4 {[%emt 0:00:27]} Qxg4 {[%emt 0:00:07]}
0-1

[Event "DSJ Weihnachtsturnier U20 2020"]
[Site "https://play.chessbase.com/en/play?room=DSJWeihnachtU20"]
[Date "2020.12.29"]
[Round "2"]
[White "Weidner, Markus"]
[Black "Fidlin, Simon"]
[Result "0-1"]
[Termination "normal"]
[Board "13.1"]
[WhiteElo "1667"]
[BlackElo "1862"]
[WhiteTeam "SV Dresden-Striesen 1990"]
[BlackTeam "Karlsruher SF 1853 2"]
[PlyCount "68"]
[WhiteFideId "16236920"]
[BlackFideId "16217535"]
[EventRounds "7"]
[EventType "team-swiss"]
[EventDate "2020.12.29"]

1. e4 {[%emt 0:00:04]} c5 {[%emt 0:00:03]} 2. Nf3 {[%emt 0:00:01]} d6 {[%emt
0:00:03]} 3. d4 {[%emt 0:00:01]} cxd4 {[%emt 0:00:00]} 4. Nxd4 {[%emt 0:00:01]}
Nf6 {[%emt 0:00:00]} 5. Nc3 {[%emt 0:00:03]} a6 {[%emt 0:00:01]} 6. f4 { [%emt
0:00:07]} Nbd7 {[%emt 0:00:12]} 7. Bc4 {[%emt 0:00:07]} g6 {[%emt 0:00:25]} 8.
O-O {[%emt 0:00:04]} Bg7 {[%emt 0:00:03]} 9. Be3 {[%emt 0:00:59]} O-O { [%emt
0:00:25]} 10. Qd2 {[%emt 0:00:28]} Ng4 {[%emt 0:00:17]} 11. f5 {[%emt 0:00:17]}
Nxe3 {[%emt 0:00:04]} 12. Qxe3 {[%emt 0:00:02]} Ne5 {[%emt 0:00:50]} 13. Be2
{[%emt 0:00:18]} b5 {[%emt 0:00:07]} 14. Nd5 {[%emt 0:00:17]} Bb7 { [%emt
0:00:16]} 15. fxg6 {[%emt 0:00:15]} hxg6 {[%emt 0:00:08]} 16. Nf4 { [%emt
0:00:46]} Qb6 {[%emt 0:00:23]} 17. c3 {[%emt 0:00:08]} Nc6 {[%emt 0:00:18]} 18.
Nd5 {[%emt 0:00:08]} Bxd4 {[%emt 0:01:10]} 19. cxd4 {[%emt 0:00:14]} Qxd4
{[%emt 0:00:05]} 20. Nxe7+ {[%emt 0:00:41]} Kg7 {[%emt 0:00:08]} 21. Qxd4+
{[%emt 0:00:51]} Nxd4 {[%emt 0:00:03]} 22. Bd3 {[%emt 0:00:21]} Rfe8 {[%emt
0:00:56]} 23. Nd5 {[%emt 0:00:08]} Bxd5 {[%emt 0:00:03]} 24. exd5 {[%emt
0:00:00] } Re5 {[%emt 0:00:01]} 25. Rf4 {[%emt 0:00:12]} Rxd5 {[%emt 0:00:06]}
26. Rd1 { [%emt 0:01:28]} Rc8 {[%emt 0:00:50]} 27. Bf1 {[%emt 0:00:07]} Nf3+
{[%emt 0:00:04]} 28. Rxf3 {[%emt 0:00:16]} Rxd1 {[%emt 0:00:02]} 29. Kf2 {[%emt
0:00:11]} Rc2+ {[%emt 0:00:06]} 30. Kg3 {[%emt 0:00:01]} Rxb2 {[%emt 0:00:04]}
31. a3 { [%emt 0:00:05]} Rdd2 {[%emt 0:00:11]} 32. Kh3 {[%emt 0:00:12]} a5
{[%emt 0:00:07]} 33. Kg3 {[%emt 0:00:03]} b4 {[%emt 0:00:10]} 34. axb4 {[%emt
0:00:13]} axb4 {[%emt 0:00:02]} 0-1

[Event "DSJ Weihnachtsturnier U20 2020"]
[Site "https://play.chessbase.com/en/play?room=DSJWeihnachtU20"]
[Date "2020.12.29"]
[Round "2"]
[White "Hänselmann, Hendrik"]
[Black "Pixa, Karl"]
[Result "1-0"]
[Termination "time forfeit"]
[Board "13.2"]
[WhiteElo "1828"]
[BlackElo "1582"]
[WhiteTeam "Karlsruher SF 1853 2"]
[BlackTeam "SV Dresden-Striesen 1990"]
[PlyCount "73"]
[WhiteFideId "16232755"]
[BlackFideId "16240480"]
[EventRounds "7"]
[EventType "team-swiss"]
[EventDate "2020.12.29"]

1. e4 {[%emt 0:00:05] DD-Stri1-002 kibitzing!? Restarted B (13.22e) Restarted W
(13.22e) OK OK} c5 {[%emt 0:00:08]} 2. Nc3 {[%emt 0:00:03]} d6 {[%emt 0:00:02]}
3. Bb5+ {[%emt 0:00:04]} Bd7 {[%emt 0:00:03]} 4. Bxd7+ {[%emt 0:00:01]} Qxd7
{[%emt 0:00:00]} 5. d4 {[%emt 0:00:02]} cxd4 {[%emt 0:00:18]} 6. Qxd4 { [%emt
0:00:02]} Nf6 {[%emt 0:00:02]} 7. Nf3 {[%emt 0:00:05]} e6 {[%emt 0:00:05] } 8.
Bg5 {[%emt 0:00:10]} Be7 {[%emt 0:00:03]} 9. O-O-O {[%emt 0:00:09]} Nc6 { [%emt
0:00:03]} 10. Qd3 {[%emt 0:00:02]} O-O-O {[%emt 0:02:37]} 11. Rhe1 { [%emt
0:00:35]} Kb8 {[%emt 0:01:03]} 12. Bxf6 {[%emt 0:00:31]} Bxf6 {[%emt 0:00:36]}
13. e5 {[%emt 0:00:03]} Be7 {[%emt 0:00:06]} 14. exd6 {[%emt 0:00:11]} Qxd6
{[%emt 0:00:26]} 15. Qe3 {[%emt 0:00:38]} Qb4 {[%emt 0:00:16]} 16. a3 { [%emt
0:00:46]} Qa5 {[%emt 0:00:14]} 17. Ne4 {[%emt 0:01:35]} e5 {[%emt 0:01:26]} 18.
Neg5 {[%emt 0:00:55]} f6 {[%emt 0:01:42]} 19. Nf7 {[%emt 0:01:33]} Rxd1+ {[%emt
0:00:03]} 20. Rxd1 {[%emt 0:00:02]} Rc8 {[%emt 0:00:02]} 21. Nd6 { [%emt
0:00:13]} Bxd6 {[%emt 0:00:20]} 22. Rxd6 {[%emt 0:00:05]} Nd4 {[%emt 0:00:03]}
23. Nxd4 {[%emt 0:00:13]} exd4 {[%emt 0:00:05]} 24. Rxd4 {[%emt 0:00:13]} Qc5
{[%emt 0:00:05]} 25. Qd2 {[%emt 0:00:28]} Qc7 {[%emt 0:00:22]} 26. g3 {[%emt
0:00:08]} Qc6 {[%emt 0:00:15]} 27. h4 {[%emt 0:00:18]} Qh1+ {[%emt 0:00:17]}
28. Qd1 {[%emt 0:00:03]} Qc6 {[%emt 0:00:04]} 29. Rd7 {[%emt 0:00:05]} g6
{[%emt 0:00:10] '} 30. Rxh7 {[%emt 0:00:04]} Qe6 {[%emt 0:00:00]} 31. Kb1 {
[%emt 0:00:25]} Qf5 {[%emt 0:00:03]} 32. Qd6+ {[%emt 0:00:16]} Ka8 {[%emt
0:00:01]} 33. Qd2 {[%emt 0:00:08]} g5 {[%emt 0:00:03]} 34. Rf7 {[%emt 0:00:23]}
gxh4 {[%emt 0:00:01]} 35. gxh4 {[%emt 0:00:02]} Qe6 {[%emt 0:00:01]} 36. Qd7 {
[%emt 0:00:13]} Qe1+ {[%emt 0:00:02]} 37. Ka2 {[%emt 0:00:02] TimeB} 1-0